Countries that Recognize Taiwan - Statistics

General Stats
  • This quiz has been taken 15 times
  • The average score is 8 of 13
Answer Stats
Country % Correct
Nauru
87%
Palau
87%
Tuvalu
80%
Marshall Islands
73%
St Kitts and Nevis
73%
St Lucia
73%
St Vincent and the Grenadines
73%
Belize
53%
Haiti
53%
Honduras
53%
Guatemala
47%
Paraguay
40%
Holy See (Vatican City)
13%
No matching quizzes found
Score Distribution
Percent of People with Each Score
Percentile by Number Answered
Your Score History
You have not taken this quiz